SEAMEO basic education standards (SEA-Bes) : Common core regional learning standards (CCRLS) in mathematics and science

SEAMEO RECSAM with its mandate to promote science and mathematics in the Southeast Asian region, led one of the 12 initiatives known as SEAMEO Basic Education Standards (SEA-BES) and Student Networking, which later became two separate projects. The SEA-BES project came into life in November 2014 thr...

Disgrifiad llawn

Wedi'i Gadw mewn:
Manylion Llyfryddiaeth
Fformat: Llyfr
Iaith:Undetermined
Cyhoeddwyd: Penang SEAMEO RECSAM 2017
Pynciau:
Tagiau: Ychwanegu Tag
Dim Tagiau, Byddwch y cyntaf i dagio'r cofnod hwn!
Thư viện lưu trữ: Trung tâm Học liệu Trường Đại học Cần Thơ
LEADER 01212nam a2200205Ia 4500
001 CTU_237160
008 210402s9999 xx 000 0 und d
082 |a 510.7 
082 |b S727 
245 0 |a SEAMEO basic education standards (SEA-Bes) : 
245 0 |b Common core regional learning standards (CCRLS) in mathematics and science 
245 0 |c Dominador Dizon Mangao, Nur Jahan Ahmad, Masami Isoda (editors) 
260 |a Penang 
260 |b SEAMEO RECSAM 
260 |c 2017 
520 |a SEAMEO RECSAM with its mandate to promote science and mathematics in the Southeast Asian region, led one of the 12 initiatives known as SEAMEO Basic Education Standards (SEA-BES) and Student Networking, which later became two separate projects. The SEA-BES project came into life in November 2014 through a regional consultative meeting back to back with the Southeast Asia Primary Learning Metrics (SEA-PLM) project with funding from UNICEF East Asia Pacific Regional Office (UNICEF EAPRO). 
650 |a Toán học,Mathematics,Khoa học,Science 
650 |x Dạy và học,Study and teaching,Dạy và học,Study and teaching 
910 |b nthai 
980 |a Trung tâm Học liệu Trường Đại học Cần Thơ